|
|
|
|
| LEADER |
02141nam a2200361 a 4500 |
| 001 |
17333577 |
| 008 |
121010r20112012mnu 001 0 eng d |
| 010 |
|
|
|a 2012941311
|
| 020 |
|
|
|a 9788131517055
|
| 020 |
|
|
|a 8131517055
|
| 040 |
|
|
|a DLC
|c DLC
|d BD-DhAAL
|
| 082 |
0 |
0 |
|a 519.5
|2 22
|
| 100 |
1 |
|
|a Anderson, David R.
|
| 245 |
1 |
0 |
|a Statistics for business and economics /
|c David R. Anderson, Dennis J. Sweeney, Thomas A. Williams.
|
| 250 |
|
|
|a 11th Ed.
|
| 260 |
|
|
|a Eagan, MN :
|b Cengage South-Western ;
|a Delhi :
|b Cengage Learning,
|c 2011.[Reprinted 2012]
|
| 300 |
|
|
|a xxviii, 1018 p. :
|b ill. ;
|c 27 cm.
|
| 500 |
|
|
|a Includes index.
|
| 541 |
1 |
|
|e 00026084
|
| 650 |
|
0 |
|a Commercial statistics
|x Methodology.
|
| 650 |
|
0 |
|a Economics
|x Statistical methods.
|
| 650 |
|
0 |
|a Statistics.
|
| 700 |
1 |
|
|a Sweeney, Dennis J.
|
| 700 |
1 |
|
|a Williams, Thomas Arthur,
|
| 852 |
1 |
|
|a Ayesha Abed Library
|j General shelf
|
| 942 |
0 |
0 |
|0 2
|
| 999 |
|
|
|c 12900
|d 12900
|
| 952 |
|
|
|0 0
|1 0
|4 0
|6 519_500000000000000_AND
|7 0
|9 21282
|a BRACUL
|b BRACUL
|c GEN
|d 2012-10-10
|e Karim International
|g 1120.00
|l 30
|m 191
|o 519.5 AND
|p 3010026084
|r 2024-10-05
|s 2024-06-10
|t 1
|w 2012-10-10
|y BK
|
| 952 |
|
|
|0 0
|1 0
|2 ddc
|4 0
|6 519_500000000000000_AND
|7 0
|9 21283
|a BRACUL
|b BRACUL
|c GEN
|d 2012-10-10
|e Karim International
|g 1120.00
|l 31
|m 172
|o 519.5 AND
|p 3010026085
|r 2025-08-11
|s 2025-07-07
|t 2
|w 2012-10-10
|y BK
|x Koha Inventory 2020
|
| 952 |
|
|
|0 0
|1 0
|4 0
|6 519_500000000000000_AND
|7 0
|9 21284
|a BRACUL
|b BRACUL
|c GEN
|d 2012-10-10
|e Karim International
|g 1120.00
|l 28
|m 151
|o 519.5 AND
|p 3010026086
|r 2024-06-25
|s 2024-06-25
|t 3
|w 2012-10-10
|y BK
|
| 952 |
|
|
|0 0
|1 0
|2 ddc
|4 0
|6 519_500000000000000_AND
|7 0
|9 21285
|a BRACUL
|b BRACUL
|c GEN
|d 2012-10-10
|e Karim International
|g 1120.00
|l 1
|o 519.5 AND
|p 4010026084
|r 2014-02-17
|s 2014-02-12
|t 1
|w 2012-10-10
|y AV
|
| 952 |
|
|
|0 0
|1 0
|2 ddc
|4 0
|6 519_500000000000000_AND
|7 0
|9 21286
|a BRACUL
|b BRACUL
|c GEN
|d 2012-10-10
|e Karim International
|g 1120.00
|l 1
|o 519.5 AND
|p 4010026085
|r 2014-02-19
|s 2014-02-16
|t 2
|w 2012-10-10
|y AV
|
| 952 |
|
|
|0 0
|1 0
|2 ddc
|4 0
|6 519_500000000000000_AND
|7 0
|9 21287
|a BRACUL
|b BRACUL
|c GEN
|d 2012-10-10
|e Karim International
|g 1120.00
|l 3
|o 519.5 AND
|p 4010026086
|r 2018-07-28
|s 2018-07-25
|t 3
|w 2012-10-10
|y AV
|